Colloquial German : The complete course for beginners

Zapisane w:
Opis bibliograficzny
1. autor: Hatherall, Dietlinde
Format: Książka
Język:Undetermined
Wydane: London Routledge 2007
Hasła przedmiotowe:
Etykiety: Dodaj etykietę
Nie ma etykietki, Dołącz pierwszą etykiete!
Thư viện lưu trữ: Trung tâm Học liệu Trường Đại học Cần Thơ
LEADER 00755nam a2200229Ia 4500
001 CTU_213780
008 210402s9999 xx 000 0 und d
082 |a 438.2421 
082 |b H363/CD.2 
100 |a Hatherall, Dietlinde 
245 0 |a Colloquial German : 
245 4 |b The complete course for beginners 
245 0 |c Dietlinde Hatherall, Glyn Hatherall 
260 |a London 
260 |b Routledge 
260 |c 2007 
650 |a German language,German language,German language-Spoken German,Ngôn ngữ Đức 
650 |x Grammar,Textbooks for foreign speakers-English 
904 |i Trọng Hải,Qhieu 
910 |a AVA.000354 (CD.1); AVA.000355 (CD.2) 
915 |a 400 
980 |a Trung tâm Học liệu Trường Đại học Cần Thơ